Catálogo

A la escucha del sentido : (Registro nro. 66362)

Detalles MARC
000 -LEADER
fixed length control field 01092cam a2200313 i 4500
001 - CONTROL NUMBER
control field 66362
003 - CONTROL NUMBER IDENTIFIER
control field Mx-PuUPA
005 - DATE AND TIME OF LATEST TRANSACTION
control field 20251023143017.0
008 - FIXED-LENGTH DATA ELEMENTS--GENERAL INFORMATION
fixed length control field 161019s2014 sp r 000 0 spa d
020 ## - INTERNATIONAL STANDARD BOOK NUMBER
International Standard Book Number 9788425431647
040 ## - CATALOGING SOURCE
Original cataloging agency Mx-PuUPA
Language of cataloging spa
Transcribing agency Mx-PuUPA
Modifying agency Mx-PuUPA
Description conventions rda
041 1# - LANGUAGE CODE
Language code of text/sound track or separate title spa
Language code of original fre
100 1# - MAIN ENTRY--PERSONAL NAME
Personal name Grondin, Jean,
Dates associated with a name 1955-
Relator term autor
9 (RLIN) 2788
240 12 - UNIFORM TITLE
Uniform title Á l'écoute du sens.
Language of a work Español
245 10 - TITLE STATEMENT
Title A la escucha del sentido :
Remainder of title conversaciones con Marc-Antoine Vallé /
Statement of responsibility, etc. Jean Grondin, traducción de María Pons Irazazábal.
264 #1 - PRODUCTION, PUBLICATION, DISTRIBUTION, MANUFACTURE, AND COPYRIGHT NOTICE
Place of production, publication, distribution, manufacture Barcelona :
Name of producer, publisher, distributor, manufacturer Herder Editorial,
Date of production, publication, distribution, manufacture, or copyright notice ©2014
300 ## - PHYSICAL DESCRIPTION
Extent 170 páginas ;
Dimensions 20 cm.
336 ## - CONTENT TYPE
Content type term texto
Fuente rdacontent
Content type code txt
337 ## - MEDIA TYPE
Media type term sin medio
Source rdamedia
Media type code n
338 ## - CARRIER TYPE
Carrier type term volumen
Source rdacarrier
Carrier type code nc
650 #4 - SUBJECT ADDED ENTRY--TOPICAL TERM
Topical term or geographic name entry element Filosofía
Geographic subdivision Quebec (Provincia)
General subdivision Historia
650 #4 - SUBJECT ADDED ENTRY--TOPICAL TERM
Topical term or geographic name entry element Filosofía canadiense
650 #4 - SUBJECT ADDED ENTRY--TOPICAL TERM
Topical term or geographic name entry element Filosofía
General subdivision Historia
700 1# - ADDED ENTRY--PERSONAL NAME
Personal name Pons Irazazábal, María,
Relator term traductor
765 08 - ORIGINAL LANGUAGE ENTRY
Main entry heading Grondin, Jean,
Title Á l'écoute du sens.
942 ## - ADDED ENTRY ELEMENTS (KOHA)
Source of classification or shelving scheme Dewey Decimal Classification
Koha item type Libro
Classification part 199.714
Item part G873
Existencias
Withdrawn status Lost status Source of classification or shelving scheme Damaged status Not for loan Collection code Home library Current library Shelving location Date acquired Source of acquisition Full call number Barcode Price effective from Koha item type
    Dewey Decimal Classification   Consulta en sala Magisterial Biblioteca Karol Wojtyla Biblioteca Karol Wojtyla Sala general 19/10/2016 Compra 199.714 G873 2014 96649 14/06/2017 Magisterial